| 000 -CABECERA |
| Longitud fija campo de control |
00664nam a2200193 a 4500 |
| 001 - NÚMERO DE CONTROL |
| Número de control |
97 |
| 003 - IDENTIFICADOR DEL NÚMERO DE CONTROL |
| Identificador del número de control |
CDMR |
| 005 - FECHA Y HORA DE LA ÚLTIMA TRANSACCIÓN |
| Fecha y hora de la última transacción |
20151022114802.0 |
| 008 - CÓDIGOS DE INFORMACIÓN DE LONGITUD FIJA |
| Códigos de información de longitud fija |
130130s1997||||||||||||||||||||||||||||d |
| 022 ## - NÚMERO INTERNACIONAL NORMALIZADO PARA PUBLICACIONES SERIADAS |
| Fuente |
8472833569 |
| 040 ## - FUENTE DE LA CATALOGACIÓN |
| Centro catalogador de origen |
CDMR |
| Lengua de catalogación |
cat |
| Centro transcriptor |
CPC LLEIDA |
| 111 2# - PUNTO DE ACCESO PRINCIPAL-NOMBRE DE CONGRESO |
| 9 (RLIN) |
3442 |
| Nombre de congreso o jurisdicción como elemento de entrada |
Congrés de la Ràdio de Catalunya |
| Sede del congreso |
Barcelona |
| Fecha del congreso |
1996 |
| Número del congreso o número de parte o sección de la obra |
1r |
| 245 10 - MENCIÓN DE TÍTULO |
| Título |
Actes del 1r Congrés de la Ràdio a Catalunya |
| Resto del título |
: Barcelona, 4 i 5 d'octubre de 1996 |
| 260 ## - PUBLICACIÓN, DISTRIBUCIÓN, ETC. (PIE DE IMPRENTA) |
| Lugar de publicación, distribución, etc. |
Barcelona |
| Fecha de publicación, distribución, etc. |
1997 |
| Nombre del editor, distribuidor, etc. |
Societat Catalana de la Comunicació |
| 650 04 - PUNTO DE ACCESO ADICIONAL DE MATERIA - TÉRMINO DE MATERIA |
| 9 (RLIN) |
1722 |
| Término de materia o nombre geográfico como elemento inicial |
Ràdio |
| Subdivisión geográfica |
Catalunya |
| Subdivisión de forma |
Congressos |
| 700 1# - PUNTO DE ACCESO ADICIONAL - NOMBRE DE PERSONA |
| 9 (RLIN) |
2480 |
| Nombre de persona |
Romaguera i Ramió, Joaquim |
| Término indicativo de función |
ed. |
| 710 2# - PUNTO DE ACCESO ADICIONAL - NOMBRE DE ENTIDAD |
| 9 (RLIN) |
94 |
| Nombre de entidad o nombre de jurisdicción como elemento inicial |
Societat Catalana de Comunicació |
| 942 ## - ENTRADA DE ELEMENTOS AGREGADOS (KOHA) |
| Koha [por defecto] tipo de item |
Monografies |
| Fuente de clasificaión o esquema |
|